Zeit schrift für kunst wissen schaft (Record no. 7957)
[ view plain ]
| 000 -CABECERA | |
|---|---|
| campo de control de longitud fija | 00693nam a2200229 a 4500 |
| 001 - NÚMERO DE CONTROL | |
| campo de control | BRCA_8289 |
| 005 - FECHA Y HORA DE LA ÚLTIMA TRANSACCIÓN | |
| campo de control | 20190320210219.0 |
| 008 - DATOS DE LONGITUD FIJA--INFORMACIÓN GENERAL | |
| campo de control de longitud fija | 130614s1956----gw-a###f##---#000-0#ger-# |
| 041 ## - CÓDIGO DE LENGUA | |
| Código de lengua del texto/banda sonora o título independiente | ger |
| 044 ## - CÓDIGO DEL PAÍS DE LA ENTIDAD EDITORA/PRODUCTORA | |
| Código MARC del país | gw |
| 050 #4 - SIGNATURA TOPOGRÁFICA DE LA BIBLIOTECA DEL CONGRESO | |
| Número de clasificación | N5300 |
| Número de documento/Ítem | .Z45 1956 |
| 245 10 - MENCIÓN DE TÍTULO | |
| Título | Zeit schrift für kunst wissen schaft |
| Mención de responsabilidad, etc. | herausgeber Richard Hamann und Friedrich Winkler. |
| 260 ## - PUBLICACIÓN, DISTRIBUCIÓN, ETC. | |
| Lugar de publicación, distribución, etc. | Berlin |
| Nombre del editor, distribuidor, etc. | Sonderdruck |
| Fecha de publicación, distribución, etc. | 1956 |
| 300 ## - DESCRIPCIÓN FÍSICA | |
| Extensión | pp. 35-52 |
| Otras características físicas | il., 15 láminas |
| Dimensiones | 27 cm. |
| 440 #0 - MENCIÓN DE SERIE/PUNTO DE ACCESO ADICIONAL--TÍTULO | |
| Título | Zeit schrift für kunst wissen schaft |
| Número de parte o sección de la obra | x |
| Nombre de parte o sección de la obra | 112 |
| 9 (RLIN) | 20702 |
| 500 ## - NOTA GENERAL | |
| Nota general | S86 |
| 650 14 - PUNTO DE ACCESO ADICIONAL DE MATERIA--TÉRMINO DE MATERIA | |
| Término de materia o nombre geográfico como elemento de entrada | Arte |
| Subdivisión de forma | Publicaciones |
| 9 (RLIN) | 20703 |
| 700 1# - PUNTO DE ACCESO ADICIONAL--NOMBRE DE PERSONA | |
| Nombre de persona | Hamann, Richard |
| Término indicativo de función/relación | ed. |
| 9 (RLIN) | 9294 |
| 700 1# - PUNTO DE ACCESO ADICIONAL--NOMBRE DE PERSONA | |
| Nombre de persona | Winkler, Friedrich |
| Término indicativo de función/relación | ed. |
| 9 (RLIN) | 20589 |
| 902 ## - CATALOGADOR | |
| Iniciales | GFM |
| 942 ## - ELEMENTOS DE PUNTO DE ACCESO ADICIONAL (KOHA) | |
| Fuente del sistema de clasificación o colocación | Library of Congress Classification |
| Tipo de ítem Koha | Libros |
| Estado de retiro | Estado de pérdida | Estado dañado | No para préstamo | Localización permanente | Ubicación/localización actual | Fecha de adquisición | Número de inventario | Total de préstamos | Signatura topográfica completa | Código de barras | Fecha visto por última vez | Precio válido a partir de | Tipo de ítem Koha |
|---|---|---|---|---|---|---|---|---|---|---|---|---|---|
| El ejemplar forma parte de la colección y puede ser consultado según las políticas vigentes. | Biblioteca del Museo Franz Mayer (Rogerio Casas-Alatriste) | Biblioteca del Museo Franz Mayer (Rogerio Casas-Alatriste) | 13/06/2014 | S86 | N5300 .Z45 1956 (S86) | 8913 | 22/03/2019 | 22/03/2019 | Libros |